Manual de economía política /

Guardado en:
Autor Principal: Pareto, Vilfredo
Formato: Libro
Publicado: Buenos Aires : Atalaya, 1945
Materias:
Etiquetas: Agregar Etiqueta
Sin Etiquetas, Sea el primero en etiquetar este registro!
LEADER 00457nam a22001695a 4500
001 CEM.cems004891
005 20060217000000.0
008 130507s1945##################000#0#####d
003 CEMS
082 0 4 |a 330 
100 1 |a Pareto, Vilfredo 
245 1 0 |a Manual de economía política / 
260 |a Buenos Aires :  |b Atalaya,  |c 1945 
300 |a 527 p. 
653 |a Economia 
653 |a Sociologia económica 
859 |a CEMS  |b BIB. CEMS - 11 de abril  |h 330  |i P216  |p 642.73  |t Ej.1